| 000 | 01455nam a2200385 c 4500 | ||
|---|---|---|---|
| 001 | 46695 | ||
| 003 | ES-MaCES | ||
| 005 | 20151125111903.0 | ||
| 008 | 151118s2015 sp 000 ||spa d | ||
| 017 |
_aNA 979-2015 _bDL |
||
| 020 | _a9788490985298 | ||
| 040 |
_aES-MaCES _bspa _cES-MaCES |
||
| 245 | 0 | 0 |
_aDerechos sociales _b: políticas públicas, exigibilidad, justiciabilidad _cdirs., Alejandra Verónica Zúñiga Ortega, Enrique Córdoba del Valle ; coords., Ana Matilde Chávez Mayo, Julio César Arango Chontal |
| 250 | _a1ª ed | ||
| 260 |
_aCizur Menor (Navarra) _bThomson Reuters-Aranzadi _c2015 |
||
| 300 |
_a311 p. _c23 cm |
||
| 490 | 1 |
_aMonographs in comparative an transnational Law _v5 |
|
| 504 | _aBibliografía | ||
| 541 | _cCompra | ||
| 650 | 4 |
_aderechos económicos y sociales _929875 |
|
| 650 | 4 |
_aderechos culturales _929871 |
|
| 650 | 4 |
_aderechos humanos _927171 |
|
| 650 | 4 |
_apolítica gubernamental _927211 |
|
| 650 | 4 |
_aderecho constitucional _927158 |
|
| 650 | 4 |
_aMéxico _926884 |
|
| 650 | 4 |
_arégimen jurídico _929894 |
|
| 653 | 1 | 0 | _aAsuntos Sociales |
| 700 | 1 |
_936218 _aZúñiga Ortega, Alejandra Verónica _edir. |
|
| 700 | 1 |
_936219 _aValle, Enrique Córdoba del _edir. |
|
| 700 | 1 |
_936220 _aChávez Mayo, Ana Matilde _ecol. |
|
| 700 | 1 |
_936221 _aArango Chontal, Julio César _ecol. |
|
| 830 | 0 |
_aMonographs in comparative an transnational Law _935750 _v5 |
|
| 902 | _aLIB Libro | ||
| 942 |
_2CES _cBK _h3.3. |
||
| 999 |
_c46695 _d46695 |
||